| 000 | 01336cam a22003737a 4500 | ||
|---|---|---|---|
| 003 | CHAP | ||
| 005 | 20220329134521.0 | ||
| 008 | 971013s1970 r 00010 d | ||
| 010 | _a21483 | ||
| 011 | _a22455 | ||
| 035 | _a26550 | ||
| 040 | _cCHAP | ||
| 082 |
_a595.701 _bB6 |
||
| 100 | 0 | 0 |
_aBorror, Donald J. _913948 |
| 245 | 1 | 2 | _aA field guide to the insects of America North of Mexico |
| 260 |
_aBoston : _bHoughton Mifflin, _c1970 |
||
| 300 |
_a404 p. _b; láms. : ilus. |
||
| 490 | 0 |
_aPeterson field guide series _v; 19 |
|
| 590 |
_aBATCH-UPD _b10 _c20130110 _lUCH01 _h0107 |
||
| 590 |
_aBATCH-UPD _b10 _c20130110 _lUCH01 _h1727 |
||
| 590 |
_aBATCH-UPD _b10 _c20130410 _lUCH01 _h1109 |
||
| 590 |
_aBATCH-UPD _b10 _c20130914 _lUCH01 _h0700 |
||
| 590 |
_aCONVERSION _b10 _c20130109 _lUCH01 _h1313 |
||
| 650 | 1 | 4 |
_aInsectos _xAnatomía y fisiología. _958891 |
| 650 | 1 | 4 |
_aInsectos _xIdentificación. _958929 |
| 700 | 0 |
_aWhite, Richard E. _9121713 |
|
| 830 | 0 |
_aPeterson field guide series _v; 19 _987612 |
|
| 901 | _aBK | ||
| 942 | _cLIBRO | ||
| 949 |
_a595.701 B6 _bBC _cC _d-61180 _eC _h9689 _i26550 _si _t140.00 |
||
| 949 |
_a595.701 B6 _bBC _cC _d-61181 _eC _fc.2 _h9690 _i26550 _si _t140.00 |
||
| 949 |
_a595.701 B6 _bBC _cC _d-61183 _eC _fc.4 _h9692 _i26550 _si _t140.00 |
||
| 949 |
_a595.701 B6 _bBC _cC _d33724002009941 _eC _fc.3 _h9691 _i26550 _si _t140.00 |
||
| 999 |
_c21483 _d21483 |
||